| 000 | 00710nam a2200229Ia 4500 | ||
|---|---|---|---|
| 001 | 3262 | ||
| 003 | GE_BSU | ||
| 008 | 181216s||||||||xx |||||||||||||| ||und|| | ||
| 040 | _cGE_BSU | ||
| 080 | _a69.002.5(075.32) | ||
| 100 | _aЗаленский,В.С. Иванов,А.И. | ||
| 245 | _aСтроительные машины и оборудование. | ||
| 245 | _bУчебник. | ||
| 245 | _cРед. О.И. Федосеева. | ||
| 250 | _a4-е изд., перер. и доп. | ||
| 260 | _aМ. | ||
| 260 | _bСтройиздат. | ||
| 260 | _c1979. | ||
| 300 | _a328стр. 21 см.с илл. | ||
| 653 | _aСтроительные машины и оборудование. | ||
| 942 | _cBK | ||
| 999 |
_c37303 _d37303 |
||